00385nam a2200145Ia 4500008004100000020001600041041001200057082001600069100001800085245007400103260002500177300000800202650001400210700001500224221030s9999 xx 000 0 und d a00746331136 aEnglish a105.23bTre aJ. P. Trembly 0aDiscrete Mathematical Structures With Application to Computer Science bTMHaNew Delhic2004 a608 aComputers aR. Manohar